[Event "Quebec-ch B U20 Pepsico"]
[Site "Montreal"]
[Date "2012.02.10"]
[Round "1"]
[White "Wang, Bing Kun"]
[Black "Johnson Constantin, Matthieu"]
[Result "1-0"]
[WhiteElo "1482"]
[BlackElo "1193"]
[PlyCount "43"]
[EventDate "2012.02.10"]
[EventType "swiss"]
[EventRounds "5"]
[EventCountry "CAN"]
[SourceTitle "EXT 2022"]
[Source "ChessBase"]
[SourceDate "2021.10.06"]
[SourceVersion "1"]
[SourceVersionDate "2021.10.06"]
[SourceQuality "1"]

1. e4 c5 2. Nf3 d6 3. d4 cxd4 4. Nxd4 Nf6 5. Nc3 g6 6. Be3 Bg7 7. Qd2 0-0 8. f3 Nbd7 9. 0-0-0 Ne5 10. Be2 Bd7 11. g4 a6 12. h4 h5 13. gxh5 Nxh5 14. Rdg1 Qc8 15. Nd5 Qd8 16. f4 e6 17. Bxh5 gxh5 18. fxe5 exd5 19. Bh6 Bg4 20. Bxg7 Kxg7 21. Nf5+ Kg8 22. Qh6 1-0